|
|
|
|
| LEADER |
01594nam2a22003135004500 |
| 001 |
13262320 |
| 008 |
100119r20042003enkb0010engd |
| 010 |
|
|
|a 2003015009
|
| 016 |
7 |
|
|a 006910439
|2 Uk
|
| 020 |
|
|
|a 0415314569 (pbk.)
|
| 040 |
|
|
|a DLC
|c DLC
|d UKM
|d C#P
|d OCLCQ
|d BAKER
|d NLGGC
|d DLC
|d DB-DhAAL
|
| 082 |
0 |
0 |
|a 384.55
|2 22
|
| 100 |
1 |
|
|a Williams, Raymond.
|
| 245 |
1 |
0 |
|a Television
|b technology and cultural form
|c Raymond Williams ; edited by Ederyn Williams ; with a new preface by Roger Silverstone.
|
| 260 |
|
|
|a London ;
|a New York
|b Routledge,
|c 2003.[reprinted 2004]
|
| 300 |
|
|
|a xvii, 172 p. ;
|c 20 cm.
|
| 490 |
0 |
|
|a Routledge classics
|
| 504 |
|
|
|a Includes bibliographical references (p. [162]-165) and index.
|
| 541 |
1 |
|
|e 00013741
|
| 505 |
0 |
|
|a The technology and the society -- Institutions of the technology -- The forms of television -- Programming distribution and flow -- Effects of the technology and its uses -- Alternative technology, alternative uses
|
| 650 |
0 |
|
|a Television broadcasting.
|
| 650 |
0 |
|
|a Television broadcasting
|z Great Britain.
|
| 650 |
0 |
|
|a Television broadcasting
|z United States.
|
| 650 |
0 |
|
|a Television
|x Technological innovations.
|
| 700 |
1 |
|
|a Williams, Ederyn.
|
| 852 |
4 |
|
|a Ayesha Abed Library
|j General Shelf.
|
| 999 |
|
|
|c 7104
|d 7104
|
| 952 |
|
|
|0 0
|1 0
|2 ddc
|4 0
|6 384_550000000000000_WIL_2004
|7 0
|9 7376
|a BRACUL
|b BRACUL
|c GEN
|d 2010-01-21
|l 1
|o 384.55 WIL
|p 3010013741
|r 2010-06-17
|s 2010-06-17
|t 1
|w 2010-01-21
|y BK
|
| 952 |
|
|
|0 0
|1 0
|2 ddc
|4 0
|6 384_550000000000000_WIL_2004
|7 0
|9 10412
|a BRACUL
|b BRACUL
|c GEN
|d 2010-05-23
|l 0
|o 384.55 WIL
|p 3010020281
|r 2010-05-23
|t 2
|w 2010-05-23
|y BK
|